Evolutionary differentiation in the Neotropical montane region (Registro nro. 13595)
[ vista simple ]
| 000 -CABECERA | |
|---|---|
| Campo de control | 006870000a22001930004500 |
| 090 ## - CLASIFICACIÓN LOCAL | |
| Colección | AR |
| Consecutivo | 04496 |
| 041 0# - IDIOMA | |
| Código de idioma para texto/pista de sonido o título separado | |
| 100 1# - ASIENTO PRINCIPAL--NOMBRE PERSONAL | |
| Nombre personal | Cadena, Carlos Daniel |
| 245 10 - MENCION DE TITULO | |
| Título | Evolutionary differentiation in the Neotropical montane region |
| Version | molecular phylogenetics and phylogeography of Buarremon brush-finches (Aves, Emberizidae) |
| 651 #4 - ASIENTO SECUNDARIO DE MATERIA - NOMBRE GEOGRAFICO | |
| -- | Región andina |
| 700 1# - ASIENTO SECUNDARIO - NOMBRE PERSONAL | |
| Nombre personal | Klicka, John |
| 700 1# - ASIENTO SECUNDARIO - NOMBRE PERSONAL | |
| Nombre personal | Ricklefs, Robert E. |
| 773 1# - Item fuente: | |
| Título | Molecular Phylogenetics and evolution |
| Paginas del Articulo | 993-1016 |
| Lugar, editorial y fecha de publicación | 2007 |
| Información sobre la relación | 44 |
| 942 ## - ELEMENTOS ADICIONALES (KOHA) | |
| Tipo de ítem | Artículo |
| Withdrawn status | Lost status | Damaged status | No para préstamo | Colección | Ubicación Permanente | Ubicación actual | Datos de publicación Seriada | Total Checkouts | Número topográfico | Inventario / Código de Barras | Date last seen | Ejemplar | Price effective from | Forma de adquisición | Tipo de material |
|---|---|---|---|---|---|---|---|---|---|---|---|---|---|---|---|
| No para Préstamo | Hemeroteca | Bogotá | Bogotá | Fuera de circulación | AR 04496 | 027234 | 25/03/2015 | 1 | 25/03/2015 | Artículo |